000 00233 a2200097 4500
001 18063
100 _aGreer, A & Howell, W H
245 _aMechanical Engg Craft studies Part I
260 _a
_bEdward Arnold
_c
090 _c13357
_d13357
942 _aNUST-CAE
_cM
_c3733
999 _c253136
_d253136